'A' Authors Quiz Stats

 Plays Quiz Updated Sep 14, 2014

Challenge
Share
Tweet
Embed
Score 0/20 Timer 05:00
5 Plays Today
Hint Answer % Correct
Pride and Prejudice (1813), Persuasion (1818)Jane Austen
94.7%
Fables (6th century BC)Aesop
84.6%
Little Women (1868), Little Men (1871)Louisa May Alcott
79.9%
The Hitchhiker's Guide to the Galaxy (1979), Dirk Gently's Holistic Detective Agency (1987)Douglas Adams
75.5%
I Know Why the Caged Bird Sings (1969), Gather Together in My Name (1974)Maya Angelou
69.9%
I, Robot (1950), Foundation (1951)Isaac Asimov
62.8%
The Emperor's New Clothes (1837), The Ugly Duckling (1843)Hans Christian Andersen
60.2%
The Handmaid's Tale (1985), Cat's Eye (1988)Margaret Atwood
57.4%
Nicomachean Ethics (4th century BC), Politics (4th century BC)Aristotle
54.7%
Winesburg, Ohio (1919), Dark Laughter (1925)Sherwood Anderson
47.4%
Hint Answer % Correct
Tuesdays with Morrie (1997), The Five People You Meet in Heaven (2003)Mitch Albom
39.2%
Things Fall Apart (1958), Arrow of God (1964)Chinua Achebe
37%
Confessions (397-398), The City of God (413-426)Augustine of Hippo
34.2%
The Sandbox (1959), Who's Afraid of Virginia Woolf (1962)Edward Albee
33.6%
The House of the Spirits (1982), City of the Beasts (2002)Isabel Allende
28.2%
Lucky Jim (1954), The Old Devils (1986)Kingsley Amis
24.4%
Kane and Abel (1980), A Matter of Honour (1986)Jeffrey Archer
23.4%
The Persians (472 BC), Oresteia (458 BC)Aeschylus
20.8%
The Lone Ranger and Tonto Fistfight in Heaven (1993), The Absolutely True Diary of a Part-Time Indian (2007)Sherman Alexie
14.3%
The Invention of Solitude (1982), The New York Trilogy (1987)Paul Auster
12.4%

You're not logged in!

Compare scores with friends on all Sporcle quizzes.
Join for Free
OR
Log In

You Might Also Like...

Show Comments

Extras

Top Quizzes Today


Score Distribution

Your Account Isn't Verified!

In order to create a playlist on Sporcle, you need to verify the email address you used during registration. Go to your Sporcle Settings to finish the process.

Report this User

Report this user for behavior that violates our Community Guidelines.

Details: